000
00293nam a2200097Ia 4500
001
1299413
005
20260417170344.0
008
260417s9999 xx 000 0 und d
245
0
_a
DÜNYAYI GEZİYORUM ŞİRİN BEYAZ İTALYA YALANLARI!
_c
BİRSEN EKİM ÖZEN
260
_b
TİMAŞ ÇOCUK YAYINLARI
999
_c
1299413
_d
1299413